[Event "C.to Regionale Piemonte"]
[Site "Torino ITA"]
[Date "2012.05.01"]
[Round "6"]
[White "Yao, Stefano"]
[Black "Bisi, Samuele"]
[Result "0-1"]
[WhiteElo "1777"]
[BlackElo "2039"]
[PlyCount "90"]
[EventDate "2012.04.27"]

1. d4 Nf6 2. Nf3 e6 3. c4 c5 4. d5 exd5 5. cxd5 d6 6. Nc3 g6 7. e4 Bg7 8. h3
O-O 9. Bd3 b5 10. Bxb5 Nxe4 11. Nxe4 Qa5+ 12. Nfd2 Qxb5 13. Nxd6 Qa6 14. N2c4
Nd7 15. O-O Nb6 16. Nxb6 Qxb6 17. Nxc8 Raxc8 18. Qd3 c4 19. Qf3 Bxb2 20. Rb1 c3
21. Bxb2 cxb2 22. Qe2 Rb8 23. Rfd1 Rfe8 24. Qc2 Rec8 25. Qe2 a5 26. Kh2 a4 27.
a3 Qd6+ 28. g3 Qxa3 29. Rd2 Re8 30. Qc4 Rb3 31. Qd4 Qb4 32. Qxb4 Rxb4 33. Rbxb2
Rxb2 34. Rxb2 Kf8 35. Ra2 Ra8 36. Kg2 Ke7 37. Kf3 Kd6 38. Ke4 a3 39. Kd4 Ra4+
40. Kc3 Kxd5 41. Kd3 Ra7 42. h4 h5 43. Ra1 a2 44. Kd2 Kd4 45. Kc2 Ke4 0-1

[Event "XXXII Festival Conca della Presolana Magistrale"]
[Site "Bratto - Castione della Presolana ITA"]
[Date "2012.08.18"]
[Round "1"]
[White "Anuprita, Patil"]
[Black "Bellia, Fabrizio"]
[WhiteElo "2123"]
[BlackElo "2451"]
[Result "0-1"]
[PlyCount "72"]
[EventDate "2012.08.18"]

1. d4 Nf6 2. Nf3 e6 3. c4 b6 4. g3 Ba6 5. Qc2 Bb4+ 6. Bd2 Be7 7. Bg2 O-O 8. O-O
c6 9. Rd1 d5 10. Ne5 Nfd7 11. Nxd7 Nxd7 12. cxd5 cxd5 13. Nc3 b5 14. a3 Rc8 15.
Qb3 Qb6 16. Rac1 Rfe8 17. e3 Nf6 18. Bf1 Rb8 19. Na2 Ne4 20. Bb4 Bf6 21. Bd3
Bb7 22. f3 Ng5 23. f4 Ne4 24. Nc3 Bxd4 25. exd4 Qxd4+ 26. Kg2 Qf2+ 27. Kh3 Qf3
28. Bxe4 dxe4 29. Rf1 Qh5+ 30. Kg2 Rbd8 31. Nd1 e3+ 32. Kg1 e2 33. Re1 exd1=Q
34. Rcxd1 h6 35. Bd6 Rxd6 36. Rxd6 Qc5+ 0-1

[Event "XXXII Festival Conca della Presolana Magistrale"]
[Site "Bratto - Castione della Presolana ITA"]
[Date "2012.08.18"]
[Round "1"]
[White "Bemporad, Filippo"]
[Black "Roy Chowdhury, Saptarshi"]
[WhiteElo "2079"]
[BlackElo "2391"]
[Result "0-1"]
[PlyCount "112"]
[EventDate "2012.08.18"]

1. d4 Nf6 2. Nf3 c5 3. c4 cxd4 4. Nxd4 Nc6 5. Nc3 e6 6. e3 Be7 7. Be2 O-O 8.
O-O d6 9. b3 Bd7 10. Bb2 a6 11. Bf3 Qc7 12. Nxc6 bxc6 13. Rc1 Rad8 14. Qd4 e5
15. Qd2 Bc8 16. Rfd1 h6 17. g3 Nh7 18. Bg2 Rfe8 19. f4 Nf6 20. Kh1 Bf8 21. Re1
exf4 22. exf4 Rxe1+ 23. Rxe1 d5 24. cxd5 cxd5 25. Rc1 Qe7 26. Qd4 Bf5 27. h3
Ne4 28. Kh2 Nxc3 29. Bxc3 Be4 30. Rd1 Rc8 31. Rd2 Qb7 32. Bb2 f6 33. Qe3 Qb4
34. a3 Qb7 35. b4 Qc6 36. Bf1 Bd6 37. Qe2 Qc7 38. Qf2 a5 39. b5 Bc5 40. Qe2 Qb6
41. Bg2 Qe6 42. Qd1 Be3 43. Re2 Bxg2 44. Rxg2 Rc4 45. Rc2 Bb6 46. Re2 Re4 47.
Rd2 d4 48. Qg4 f5 49. Qf3 a4 50. Qd1 Qc4 51. h4 Kh7 52. Kh3 Re3 53. Qc2 Qf1+
54. Kh2 d3 55. Qc8 Re2+ 56. Rxe2 Qxe2+ 0-1

[Event "XXXII Festival Conca della Presolana Magistrale"]
[Site "Bratto - Castione della Presolana ITA"]
[Date "2012.08.18"]
[Round "1"]
[White "Cacciola, Alfredo"]
[Black "Genocchio, Daniele"]
[WhiteElo "2114"]
[BlackElo "2440"]
[Result "1/2-1/2"]
[PlyCount "72"]
[EventDate "2012.08.18"]

1. e4 c5 2. Nf3 h6 3. d4 cxd4 4. Nxd4 Nf6 5. Nc3 e5 6. Ndb5 d6 7. Nd5 Nxd5 8.
Qxd5 Nc6 9. Be3 a6 10. Na3 Be6 11. Qd2 b5 12. Be2 Be7 13. O-O O-O 14. c4 b4 15.
Nc2 a5 16. b3 Qc7 17. a4 Rad8 18. f4 exf4 19. Bxf4 Bf6 20. Rad1 Bc3 21. Qd3 Ne5
22. Qg3 Kh8 23. Nd4 Qb7 24. Nf5 Bxf5 25. exf5 Nc6 26. Bxd6 Nd4 27. Bf3 Qa7 28.
Kh1 Nxf5 29. Qf4 Nxd6 30. Rxd6 Rxd6 31. Qxd6 Re8 32. h3 Qe3 33. Qc6 Rb8 34. Qe4
Qg5 35. Qg4 Qe3 36. Qe4 Qg5 1/2-1/2

[Event "XXXII Festival Conca della Presolana Magistrale"]
[Site "Bratto - Castione della Presolana ITA"]
[Date "2012.08.18"]
[Round "1"]
[White "Castaldo, Folco"]
[Black "Lavorgna, Giovanni"]
[WhiteElo "2432"]
[BlackElo "2091"]
[Result "1-0"]
[PlyCount "137"]
[EventDate "2012.08.18"]

1. e4 c5 2. Nc3 d6 3. f4 e6 4. Nf3 Nf6 5. g3 Be7 6. Bg2 Nc6 7. d3 O-O 8. O-O
Rb8 9. Kh1 b5 10. e5 Nd7 11. exd6 Bxd6 12. Ne4 Be7 13. Be3 Qc7 14. Qe2 Bb7 15.
c4 b4 16. Qf2 Rfd8 17. Rad1 Nf6 18. Nxf6+ Bxf6 19. Bxc5 Qa5 20. b3 Rd7 21. Be3
Rbd8 22. d4 Qh5 23. Rd2 Ne7 24. Rfd1 Nf5 25. Kg1 Qg4 26. d5 exd5 27. cxd5 Rxd5
28. Rxd5 Rxd5 29. Rxd5 Bxd5 30. Bxa7 h5 31. Bc5 h4 32. h3 Qxg3 33. Qxg3 Nxg3
34. Nxh4 Ne2+ 35. Kh2 Nxf4 36. Bxd5 Nxd5 37. Nf3 Nc3 38. Bxb4 Nxa2 39. Bc5 Nc3
40. Bd4 Bxd4 41. Nxd4 Nd5 42. Kg3 Kf8 43. Kf3 Ke8 44. Ke4 Nb6 45. Ke5 Kd7 46.
Nf5 f6+ 47. Kd4 g6 48. Nh4 g5 49. Nf5 Ke6 50. Ke4 Nd7 51. Nd4+ Kd6 52. b4 Ne5
53. Nb5+ Kc6 54. Nc3 Kd6 55. Kf5 Nd3 56. Ne4+ Ke7 57. b5 Nf4 58. h4 gxh4 59.
Kxf4 Kd7 60. Ke3 f5 61. Nf2 Kc7 62. Kd4 Kb6 63. Kc4 Kb7 64. Kc5 Kc7 65. Nh3 Kb7
66. b6 Kb8 67. Kc6 Kc8 68. b7+ Kb8 69. Nf4 1-0

[Event "XXXII Festival Conca della Presolana Magistrale"]
[Site "Bratto - Castione della Presolana ITA"]
[Date "2012.08.18"]
[Round "1"]
[White "Cebalo, Miso"]
[Black "Alberton, Roberto"]
[WhiteElo "2435"]
[BlackElo "2108"]
[Result "1-0"]
[PlyCount "41"]
[EventDate "2012.08.18"]

1. c4 g6 2. e4 Bg7 3. d4 d6 4. Nc3 Nd7 5. f4 e6 6. Nf3 Ne7 7. Bd3 O-O 8. Be3 b6
9. O-O Bb7 10. Qe1 a6 11. a4 c5 12. d5 exd5 13. cxd5 Re8 14. Qd2 Rc8 15. Rad1
f5 16. e5 dxe5 17. fxe5 Nxe5 18. Nxe5 Bxe5 19. d6 Nc6 20. d7 Qh4 21. Bf4 1-0

[Event "XXXII Festival Conca della Presolana Magistrale"]
[Site "Bratto - Castione della Presolana ITA"]
[Date "2012.08.18"]
[Round "1"]
[White "Colovic, Aleksandar"]
[Black "Negro, Roberto"]
[WhiteElo "2449"]
[BlackElo "2117"]
[Result "1-0"]
[PlyCount "81"]
[EventDate "2012.08.18"]

1. e4 g6 2. d4 Bg7 3. Nc3 d6 4. Be3 a6 5. Nf3 b5 6. Bd3 Bb7 7. O-O Nd7 8. a4 b4
9. Ne2 c5 10. c3 bxc3 11. bxc3 Ngf6 12. Ng3 O-O 13. h3 Qa5 14. Bd2 c4 15. Bc2
e5 16. Qe2 Rac8 17. Rfb1 Ba8 18. d5 Rfe8 19. Rb4 Nxd5 20. exd5 e4 21. Nh2 Bxd5
22. Ng4 f5 23. Nh6+ Kh8 24. Nhxf5 gxf5 25. Nxf5 Be5 26. Ne3 Rg8 27. Nxd5 Qxd5
28. Bxe4 Qe6 29. f4 Bf6 30. Qf3 Rc5 31. Re1 Bh4 32. Re2 Rg3 33. f5 Qf7 34. Qf4
Qf6 35. Be1 Rxh3 36. gxh3 Bxe1 37. Rxe1 Qxc3 38. Qh4 Rc8 39. Rb7 Rg8+ 40. Kh2
Nf8 41. f6 1-0

[Event "XXXII Festival Conca della Presolana Magistrale"]
[Site "Bratto - Castione della Presolana ITA"]
[Date "2012.08.18"]
[Round "1"]
[White "Contini, Davide"]
[Black "Neelotpal, Das"]
[WhiteElo "2130"]
[BlackElo "2469"]
[Result "0-1"]
[PlyCount "46"]
[EventDate "2012.08.18"]

1. e4 c5 2. Nf3 e6 3. d4 cxd4 4. Nxd4 a6 5. Be2 Nf6 6. Qd3 Qc7 7. O-O d6 8. Be3
Nbd7 9. f3 d5 10. exd5 Nxd5 11. Bf2 Be7 12. g3 b5 13. c3 Bb7 14. Nd2 O-O 15.
Rad1 g6 16. f4 e5 17. fxe5 Nxe5 18. Qc2 Rfe8 19. a4 bxa4 20. Qxa4 Qc8 21. Qb3
Rb8 22. Qa2 Qh3 23. Ne4 Nf4 0-1

[Event "XXXII Festival Conca della Presolana Magistrale"]
[Site "Bratto - Castione della Presolana ITA"]
[Date "2012.08.18"]
[Round "1"]
[White "Das, Arghyadip"]
[Black "Formento, Paolo"]
[WhiteElo "2479"]
[BlackElo "2147"]
[Result "1-0"]
[PlyCount "69"]
[EventDate "2012.08.18"]

1. e4 c5 2. Ne2 Nf6 3. Nbc3 d6 4. d4 cxd4 5. Nxd4 g6 6. Be3 Bg7 7. f3 O-O 8.
Qd2 Nc6 9. Bc4 Bd7 10. Bb3 Nxd4 11. Bxd4 b5 12. a4 b4 13. Nd5 Nxd5 14. Bxg7
Kxg7 15. exd5 Qb6 16. h4 h6 17. h5 g5 18. f4 g4 19. Qd3 f5 20. Bc4 a5 21. b3
Rfe8 22. O-O-O Qf2 23. g3 Rac8 24. Rhe1 Qc5 25. Re2 Qc7 26. Rde1 Qd8 27. Re3
Rc7 28. Qe2 e5 29. dxe6 Bc6 30. e7 Qa8 31. Qd3 Be4 32. Qxd6 Qc6 33. Qe5+ Kh7
34. Rxe4 fxe4 35. Qf5+ 1-0

[Event "XXXII Festival Conca della Presolana Magistrale"]
[Site "Bratto - Castione della Presolana ITA"]
[Date "2012.08.18"]
[Round "1"]
[White "Drazic, Sinisa"]
[Black "Pantaleoni, Claudio"]
[WhiteElo "2516"]
[BlackElo "2161"]
[Result "1-0"]
[PlyCount "73"]
[EventDate "2012.08.18"]

1. d4 e6 2. e4 d5 3. Nc3 Nf6 4. Bg5 dxe4 5. Nxe4 Be7 6. Bxf6 gxf6 7. Nf3 a6 8.
g3 b6 9. Bg2 Bb7 10. Qe2 Nd7 11. O-O-O O-O 12. g4 Re8 13. h4 Nf8 14. h5 Kh8 15.
Kb1 Qd5 16. Nh4 Qd8 17. f4 Ra7 18. g5 f5 19. Nc3 Bxg2 20. Qxg2 c6 21. Qxc6 Qc8
22. Qxc8 Rxc8 23. Nf3 Bd6 24. Ne2 Rac7 25. c3 b5 26. Rd3 Kg7 27. d5 Bc5 28.
Rhd1 Rd8 29. Ne5 exd5 30. Rxd5 Rxd5 31. Rxd5 Be3 32. h6+ Kg8 33. Rd8 Re7 34.
Kc2 Bxf4 35. Nxf4 Rxe5 36. Nh5 Re2+ 37. Kd1 1-0

[Event "XXXII Festival Conca della Presolana Magistrale"]
[Site "Bratto - Castione della Presolana ITA"]
[Date "2012.08.18"]
[Round "1"]
[White "Esposito, Luca"]
[Black "Giuriato, Sergio"]
[WhiteElo "2256"]
[BlackElo "2003"]
[Result "1-0"]
[PlyCount "69"]
[EventDate "2012.08.18"]

1. d4 Nf6 2. c4 e6 3. g3 d5 4. Nf3 Be7 5. Bg2 O-O 6. O-O dxc4 7. Qc2 a6 8. Qxc4
b5 9. Qc2 Bb7 10. Bd2 Be4 11. Qc1 Bb7 12. Bf4 Bd6 13. Rd1 Qe7 14. Nbd2 Bxf4 15.
gxf4 Bd5 16. Ne5 Bxg2 17. Kxg2 Nd5 18. e3 f6 19. Nd3 g5 20. fxg5 fxg5 21. Rg1
Qf6 22. Kh1 Kh8 23. Rg2 Nd7 24. Qc6 N7b6 25. Ne5 h6 26. Ne4 Qf5 27. Nc5 Qc2 28.
Qxe6 Rf6 29. Qh3 Nc4 30. Ncd7 Qxb2 31. Nxf6 Nxf6 32. Qxh6+ Nh7 33. Nf7+ Kg8 34.
Qg6+ Kf8 35. Rag1 1-0

[Event "XXXII Festival Conca della Presolana Magistrale"]
[Site "Bratto - Castione della Presolana ITA"]
[Date "2012.08.18"]
[Round "1"]
[White "Gagliardi, Christian"]
[Black "Mamedov, Nidjat"]
[WhiteElo "2217"]
[BlackElo "2614"]
[Result "1/2-1/2"]
[PlyCount "99"]
[EventDate "2012.08.18"]

1. d4 g6 2. Nf3 Bg7 3. Bf4 d6 4. e3 Nd7 5. h3 e5 6. Bh2 Ne7 7. Be2 O-O 8. O-O
b6 9. c4 Bb7 10. Nc3 Re8 11. dxe5 dxe5 12. Qc2 Nf5 13. Ne4 Qe7 14. Rfd1 Rad8
15. Nfd2 Bh6 16. Re1 Nc5 17. Bf1 Nxe4 18. Nxe4 Rd7 19. a3 Red8 20. b4 Qh4 21.
g4 Nd6 22. Nxd6 Rxd6 23. Rad1 Be4 24. Qb3 Qf6 25. Bg2 Rd2 26. Rxd2 Rxd2 27. Bg3
Bxg2 28. Kxg2 Qc6+ 29. Kg1 f6 30. c5+ Kf8 31. cxb6 cxb6 32. b5 Qd5 33. Qxd5
Rxd5 34. a4 Ke8 35. Rc1 Kd7 36. Kf1 Rd3 37. Ke2 Ra3 38. Rc4 Bf8 39. g5 Ra2+ 40.
Kf3 fxg5 41. Bxe5 Bc5 42. Bf6 Kc7 43. Bxg5 Kb7 44. Rh4 h5 45. Rf4 a5 46. Rc4
Bb4 47. Bf4 Rxa4 48. Rc7+ Ka8 49. Rc8+ Kb7 50. Rc7+ 1/2-1/2

[Event "XXXII Festival Conca della Presolana Magistrale"]
[Site "Bratto - Castione della Presolana ITA"]
[Date "2012.08.18"]
[Round "1"]
[White "Giretti Kanev, Jasen"]
[Black "Maiorov, Nikita"]
[WhiteElo "2189"]
[BlackElo "2554"]
[Result "0-1"]
[PlyCount "58"]
[EventDate "2012.08.18"]

1. c4 Nf6 2. Nc3 e5 3. Nf3 Nc6 4. d4 exd4 5. Nxd4 Bb4 6. Nxc6 bxc6 7. Bd2 O-O
8. e3 d5 9. Bd3 Ng4 10. h3 Ne5 11. Bxh7+ Kxh7 12. Qh5+ Kg8 13. Qxe5 Ba6 14.
cxd5 cxd5 15. Qd4 Rb8 16. Rd1 c6 17. Qxa7 Qa5 18. Qd4 Rfd8 19. a3 Bf8 20. Qa4
Qb6 21. b4 Re8 22. Ne2 Ra8 23. Qc2 d4 24. Bc1 Rad8 25. Nf4 c5 26. bxc5 Bxc5 27.
Nd3 Rc8 28. O-O dxe3 29. Qb2 e2 0-1

[Event "XXXII Festival Conca della Presolana Magistrale"]
[Site "Bratto - Castione della Presolana ITA"]
[Date "2012.08.18"]
[Round "1"]
[White "Gonella, Daniele"]
[Black "Collutiis, Duilio"]
[WhiteElo "2157"]
[BlackElo "2511"]
[Result "0-1"]
[PlyCount "84"]
[EventDate "2012.08.18"]

1. e4 c5 2. Nc3 Nc6 3. g3 g6 4. Bg2 Bg7 5. d3 d6 6. f4 e6 7. Nf3 Nge7 8. O-O
O-O 9. Be3 b6 10. Rf2 d5 11. exd5 exd5 12. Bd2 Rb8 13. Rb1 d4 14. Ne2 Nd5 15.
a3 a5 16. Qe1 Re8 17. h3 Rb7 18. b4 axb4 19. axb4 cxb4 20. Bxb4 Ndxb4 21. Rxb4
Nxb4 22. Qxb4 Rd7 23. Nd2 Rde7 24. Ne4 Bb7 25. f5 Bxe4 26. Bxe4 Rxe4 27. dxe4
Rxe4 28. fxg6 hxg6 29. Qc4 Qe8 30. Nf4 d3 31. Qxd3 Bd4 32. Nd5 Bxf2+ 33. Kxf2
Re6 34. c4 Qd8 35. Qd4 Qd6 36. Kf3 b5 37. c5 Qe5 38. Qd3 Rc6 39. Qe4 Qxe4+ 40.
Kxe4 Rxc5 41. h4 b4 42. Kd4 Rxd5+ 0-1

[Event "XXXII Festival Conca della Presolana Magistrale"]
[Site "Bratto - Castione della Presolana ITA"]
[Date "2012.08.18"]
[Round "1"]
[White "Janev, Evgeni"]
[Black "Gioseffi, Massimiliano"]
[WhiteElo "2457"]
[BlackElo "2128"]
[Result "1-0"]
[PlyCount "67"]
[EventDate "2012.08.18"]

1. e4 e6 2. Qe2 c5 3. Nf3 Nc6 4. g3 g6 5. Bg2 Bg7 6. c3 Nge7 7. O-O O-O 8. d4
cxd4 9. cxd4 Nxd4 10. Nxd4 Bxd4 11. Rd1 Bg7 12. Na3 Nc6 13. Be3 f5 14. Nc4 fxe4
15. Nd6 Ne5 16. Bxe4 Nf7 17. Bc5 Nxd6 18. Bxd6 Re8 19. h4 Qf6 20. Rd2 Bh6 21.
Rd3 Bf8 22. Rad1 Bxd6 23. Rxd6 Rb8 24. Qc2 b5 25. h5 Kg7 26. Qc7 Rb6 27. Rxd7+
Bxd7 28. Rxd7+ Kg8 29. Qxa7 Rbb8 30. h6 Rbd8 31. Rxh7 g5 32. Rg7+ Kh8 33. Rf7
Rd1+ 34. Kg2 1-0

[Event "XXXII Festival Conca della Presolana Magistrale"]
[Site "Bratto - Castione della Presolana ITA"]
[Date "2012.08.18"]
[Round "1"]
[White "Lanzani, Mario"]
[Black "Radice, Luca"]
[WhiteElo "2291"]
[BlackElo "2029"]
[Result "1-0"]
[PlyCount "61"]
[EventDate "2012.08.18"]

1. c4 Nf6 2. Nc3 e6 3. e4 Nc6 4. d4 Bb4 5. e5 Ne4 6. Qc2 Nxc3 7. bxc3 Be7 8.
Bd3 d6 9. Nf3 dxe5 10. dxe5 h6 11. O-O Bc5 12. Rd1 Qe7 13. Qe2 Bd7 14. Be4
O-O-O 15. Nd4 Qe8 16. Qf3 Rf8 17. Be3 Bxd4 18. cxd4 f6 19. exf6 Rxf6 20. Qe2 e5
21. d5 Nd4 22. Bxd4 exd4 23. Rxd4 Qe5 24. Rad1 Re8 25. c5 Bf5 26. f3 Rd8 27. c6
Kb8 28. Ra4 Qc3 29. Rb1 Bc8 30. Qa6 Qc5+ 31. Kh1 1-0

[Event "XXXII Festival Conca della Presolana Magistrale"]
[Site "Bratto - Castione della Presolana ITA"]
[Date "2012.08.18"]
[Round "1"]
[White "Llaneza Vega, Patricia"]
[Black "Casagrande, Fabio"]
[WhiteElo "2238"]
[BlackElo "1981"]
[Result "1-0"]
[PlyCount "41"]
[EventDate "2012.08.18"]

1. e4 e6 2. d4 d5 3. Nc3 Nf6 4. Bg5 dxe4 5. Nxe4 Be7 6. Bxf6 gxf6 7. Nf3 f5 8.
Nc3 a6 9. g3 b5 10. Bg2 Bb7 11. O-O b4 12. Ne2 Qd6 13. Nf4 Nd7 14. c4 Be4 15.
c5 Qc6 16. d5 exd5 17. Nd4 Qxc5 18. Rc1 Qb6 19. Bxe4 c5 20. Nxd5 Qd6 21. Nxf5
1-0

[Event "XXXII Festival Conca della Presolana Magistrale"]
[Site "Bratto - Castione della Presolana ITA"]
[Date "2012.08.18"]
[Round "1"]
[White "Moncelli, Giorgio"]
[Black "Welling, Gerard"]
[WhiteElo "2070"]
[BlackElo "2330"]
[Result "0-1"]
[PlyCount "90"]
[EventDate "2012.08.18"]

1. d4 d6 2. Nf3 g6 3. c4 Bg7 4. Nc3 Bg4 5. e3 Nf6 6. Be2 O-O 7. O-O c5 8. d5
Na6 9. e4 Nc7 10. Bf4 a6 11. Nd2 Bxe2 12. Qxe2 b5 13. Nb3 bxc4 14. Nd2 Nh5 15.
Be3 Nb5 16. Qxc4 Nxc3 17. bxc3 Qa5 18. Rfc1 Rab8 19. Qd3 Qa4 20. Qc2 Qxc2 21.
Rxc2 f5 22. exf5 gxf5 23. Bg5 Rfe8 24. Rb1 Rxb1+ 25. Nxb1 Rb8 26. Nd2 Kf7 27.
f3 Be5 28. Nb3 Bf4 29. Bxf4 Nxf4 30. c4 Nd3 31. Rd2 Ne5 32. Rc2 Rb4 33. Nd2 Ra4
34. Kf1 Nd3 35. Rc3 Nb2 36. a3 Nd1 37. Rb3 f4 38. Kg1 Ne3 39. Rc3 Kf6 40. g3
Ke5 41. Rc1 Rxa3 42. Re1 Ra2 43. gxf4+ Kxf4 44. Ne4 Rg2+ 45. Kh1 Kxf3 0-1

[Event "XXXII Festival Conca della Presolana Magistrale"]
[Site "Bratto - Castione della Presolana ITA"]
[Date "2012.08.18"]
[Round "1"]
[White "Panchanathan, Magesh Chandran"]
[Black "Gerola, Fausto"]
[WhiteElo "2564"]
[BlackElo "2199"]
[Result "1-0"]
[PlyCount "161"]
[EventDate "2012.08.18"]

1. e4 e5 2. Nf3 Nc6 3. Bb5 a6 4. Ba4 Nf6 5. O-O b5 6. Bb3 Nxe4 7. d4 d5 8. dxe5
Be6 9. c3 Be7 10. Nbd2 Nc5 11. Bc2 d4 12. cxd4 Nxd4 13. Nxd4 Qxd4 14. Nf3 Qxd1
15. Rxd1 Rd8 16. Rxd8+ Kxd8 17. Nd4 Bd7 18. Nf5 Bxf5 19. Bxf5 Ne6 20. Be3 g6
21. Bg4 h5 22. Be2 Kd7 23. Rd1+ Kc8 24. a4 c6 25. Bf3 Rd8 26. Ra1 c5 27. axb5
axb5 28. Ra8+ Kd7 29. Ra7+ Ke8 30. Bc6+ Kf8 31. g3 Nd4 32. Bd7 Nf3+ 33. Kg2
Nxe5 34. Bxb5 Ng4 35. Bc1 Rd1 36. Bf4 g5 37. Be2 Rb1 38. Bd2 Bf6 39. Bc4 Ne5
40. Bc3 Kg7 41. Be2 h4 42. Rc7 hxg3 43. hxg3 c4 44. Rc5 Ng6 45. Bxc4 Bxc3 46.
bxc3 Rc1 47. Bb3 Rb1 48. Bd5 Ne7 49. Be4 Re1 50. Rxg5+ Kf6 51. Rg4 Rc1 52. Rf4+
Ke6 53. Rf3 f5 54. Bb7 Kd6 55. Re3 Rc2 56. Bf3 Rc1 57. Rd3+ Ke6 58. Be2 Nd5 59.
c4 Nb6 60. Rd4 Rc3 61. f4 Rc2 62. Kf1 Rc1+ 63. Kf2 Rc2 64. Ke3 Rc3+ 65. Bd3 Rc1
66. Kd2 Rg1 67. c5 Nc8 68. Bc4+ Ke7 69. Rd3 Na7 70. Bd5 Nb5 71. Bc6 Rb1 72. Kc2
Rb4 73. Bxb5 Rxb5 74. Rd5 Ke6 75. Re5+ Kf6 76. c6 Rb8 77. c7 Rc8 78. Rc5 Ke6
79. Kc3 Kd6 80. Kd4 Ke6 81. Rc6+ 1-0

[Event "XXXII Festival Conca della Presolana Magistrale"]
[Site "Bratto - Castione della Presolana ITA"]
[Date "2012.08.18"]
[Round "1"]
[White "Prelati, Maurizio"]
[Black "Bresciani, Nicola"]
[WhiteElo "1991"]
[BlackElo "2255"]
[Result "1-0"]
[PlyCount "63"]
[EventDate "2012.08.18"]

1. e4 c5 2. Nc3 Nc6 3. f4 g6 4. Nf3 Bg7 5. Bc4 e6 6. f5 Nge7 7. fxe6 fxe6 8. d3
d5 9. Bb3 O-O 10. O-O b5 11. Nxb5 Qb6 12. c4 dxc4 13. dxc4 a6 14. Nc3 Nd4 15.
Be3 Nec6 16. Kh1 Rb8 17. Rb1 Rd8 18. Qe1 Nxb3 19. axb3 Nd4 20. Qh4 Rf8 21. Bh6
Nxf3 22. Rxf3 Rxf3 23. gxf3 Qc7 24. Bxg7 Kxg7 25. Rd1 Rxb3 26. Qd8 Qxd8 27.
Rxd8 Bb7 28. Na4 Bc6 29. Nxc5 Rxb2 30. Rd6 Be8 31. Rxa6 Rf2 32. Nxe6+ 1-0

[Event "XXXII Festival Conca della Presolana Magistrale"]
[Site "Bratto - Castione della Presolana ITA"]
[Date "2012.08.18"]
[Round "1"]
[White "Qendro, Llambi"]
[Black "Ceccarini, Marco"]
[WhiteElo "2328"]
[BlackElo "2058"]
[Result "1-0"]
[PlyCount "57"]
[EventDate "2012.08.18"]

1. d4 f5 2. Nf3 Nf6 3. g3 g6 4. Bg2 Bg7 5. O-O O-O 6. c4 d6 7. b3 Ne4 8. Bb2
Nc6 9. Nbd2 Nxd2 10. Qxd2 e5 11. dxe5 dxe5 12. Qd5+ Kh8 13. Qxd8 Rxd8 14. Rad1
Be6 15. Ng5 Bg8 16. Bxc6 bxc6 17. Nf3 Re8 18. Rd7 Rac8 19. Rfd1 h6 20. Rxg7
Kxg7 21. Rd7+ Kf6 22. Rd3 Rcd8 23. Re3 Rd1+ 24. Kg2 Rb1 25. Bc3 Re6 26. Nxe5
Ke7 27. Nxg6+ Kd6 28. Rd3+ Kc5 29. Nf4 1-0

[Event "XXXII Festival Conca della Presolana Magistrale"]
[Site "Bratto - Castione della Presolana ITA"]
[Date "2012.08.18"]
[Round "1"]
[White "Rambaldi, Francesco"]
[Black "Cattaneo, Marco"]
[WhiteElo "2272"]
[BlackElo "2025"]
[Result "1-0"]
[PlyCount "103"]
[EventDate "2012.08.18"]

1. c4 Nf6 2. Nc3 g6 3. d4 Bg7 4. e4 d6 5. Be2 O-O 6. Bg5 h6 7. Be3 c5 8. Nf3
Ng4 9. Bc1 cxd4 10. Nxd4 Qb6 11. Bxg4 Qxd4 12. Qxd4 Bxd4 13. Nb5 Bxg4 14. Nxd4
Kg7 15. f3 Bd7 16. b3 Nc6 17. Ne2 a6 18. Bb2+ f6 19. O-O-O Be6 20. Nf4 Bf7 21.
Nd3 b5 22. c5 dxc5 23. Nxc5 Rfd8 24. Rxd8 Rxd8 25. e5 Nxe5 26. Bxe5 fxe5 27.
Nxa6 Ra8 28. Nb4 Bxb3 29. Kb2 Bc4 30. a3 Rd8 31. Kc3 Rd4 32. Re1 Kf6 33. Nc6
Rd3+ 34. Kb4 Rb3+ 35. Kc5 Rxa3 36. Nxe5 Ra2 37. Ng4+ Kg7 38. Rxe7+ Kf8 39. Rb7
Rxg2 40. Ne5 Rxh2 41. Nxg6+ Ke8 42. f4 h5 43. Re7+ Kd8 44. Rh7 Bd3 45. Rh8+ Kc7
46. Rh7+ Kd8 47. Rh8+ Kc7 48. Ne5 Bc4 49. f5 h4 50. Nc6 Kd7 51. Kb6 h3 52. Rd8#
1-0

[Event "XXXII Festival Conca della Presolana Magistrale"]
[Site "Bratto - Castione della Presolana ITA"]
[Date "2012.08.18"]
[Round "1"]
[White "Ranfagni, Stefano"]
[Black "Ramondino, Renzo"]
[WhiteElo "1980"]
[BlackElo "2231"]
[Result "1-0"]
[PlyCount "81"]
[EventDate "2012.08.18"]

1. e4 e5 2. Nf3 Nc6 3. Bb5 a6 4. Ba4 Nf6 5. Qe2 b5 6. Bb3 Be7 7. c3 O-O 8. O-O
d6 9. Rd1 Na5 10. Bc2 c5 11. d4 Qc7 12. dxe5 dxe5 13. Nbd2 Bb7 14. Nf1 Rfe8 15.
Ng3 Bf8 16. Bg5 Nd7 17. Nf5 f6 18. Bh4 Rad8 19. g4 h6 20. Bg3 g5 21. h4 c4 22.
Kg2 Nc5 23. Qe3 Ne6 24. hxg5 hxg5 25. Rh1 Nf4+ 26. Bxf4 exf4 27. Qe1 Rd3 28.
Bxd3 cxd3 29. Nd2 f3+ 30. Kf1 Qf4 31. Ng3 Qxg4 32. Qe3 f5 33. Qb6 Bc6 34. Qxa5
Bd6 35. Qb6 Bxg3 36. Qxc6 Bh4 37. Qxe8+ Kg7 38. Qe5+ Kg8 39. Qh2 fxe4 40. Rg1
Qh5 41. Nxe4 1-0

[Event "XXXII Festival Conca della Presolana Magistrale"]
[Site "Bratto - Castione della Presolana ITA"]
[Date "2012.08.18"]
[Round "1"]
[White "Reduzzi, Maurizio"]
[Black "Satyapragyan, Swayangsu"]
[WhiteElo "2103"]
[BlackElo "2435"]
[Result "0-1"]
[PlyCount "70"]
[EventDate "2012.08.18"]

1. Nf3 Nf6 2. c4 e6 3. g3 d5 4. d4 Bb4+ 5. Bd2 Be7 6. Bg2 O-O 7. O-O c6 8. Qc2
Nbd7 9. Rd1 b6 10. Bf4 Bb7 11. Nc3 dxc4 12. e4 b5 13. Ne5 Nxe5 14. Bxe5 Qb6 15.
a4 a6 16. h3 Rad8 17. a5 Qa7 18. Rd2 Rd7 19. Rad1 Rfd8 20. g4 h6 21. Kh1 Qa8
22. f4 Ne8 23. f5 Bb4 24. fxe6 fxe6 25. Rf2 c5 26. d5 Bxc3 27. bxc3 exd5 28.
Rdf1 Nc7 29. Bxc7 Rxc7 30. e5 d4 31. Qg6 Bxg2+ 32. Rxg2 dxc3 33. Kh2 Qd5 34. e6
Re7 35. Re2 Qd3 0-1

[Event "XXXII Festival Conca della Presolana Magistrale"]
[Site "Bratto - Castione della Presolana ITA"]
[Date "2012.08.18"]
[Round "1"]
[White "Ricci, Marco"]
[Black "Jerez Perez, Alfonso"]
[WhiteElo "2089"]
[BlackElo "2412"]
[Result "0-1"]
[PlyCount "82"]
[EventDate "2012.08.18"]

1. e4 c5 2. Nf3 d6 3. d4 cxd4 4. Qxd4 Nc6 5. Bb5 Nf6 6. Nc3 Nd7 7. Bxc6 bxc6 8.
Bg5 Qb6 9. Qxb6 axb6 10. Nd4 Bb7 11. O-O-O g6 12. f3 Bg7 13. Kb1 Nc5 14. Be3
Kd7 15. Nde2 Kc7 16. Bd4 e5 17. Be3 Bc8 18. g4 Be6 19. g5 f5 20. Rd2 f4 21. Bf2
Bf8 22. h4 Be7 23. Rdd1 h6 24. gxh6 Rxh6 25. Rdg1 Rah8 26. Nc1 g5 27. Nd3 Nd7
28. Ne1 gxh4 29. Rg7 Bf6 30. Rg2 h3 31. Rgh2 Rg8 32. Ne2 d5 33. Ng1 Rgh8 34. c3
Be7 35. Nd3 Bd6 36. Be1 Nf6 37. Nf2 dxe4 38. fxe4 Bc5 39. b4 Bxf2 40. Rxf2 Nxe4
41. Re2 Bg4 0-1